| 000 | 00551nam a2200193Ia 4500 | ||
|---|---|---|---|
| 003 | GCL | ||
| 008 | 140319s9999 xx 000 0 eng d | ||
| 040 |
_aGCL / _cGCL |
||
| 082 | 0 | 4 |
_a374.942 _bV L |
| 100 | 1 | _aVINCENT, DAVID | |
| 245 | 1 | 0 |
_aLITERACY AND POPULAR CULTURE: ENGLAND 1750 - 1914 / _cVINCENT, DAVID |
| 260 |
_a[S.N] : _bCAMBRIDGE UNIVERSITY PRESS ، _c1993 |
||
| 300 | _a362 P | ||
| 650 | 0 | 4 | _aLITERACY - ENGLAND |
| 650 | 0 | 4 | _aREADING ENGLISH |
| 650 | 0 | 4 | _aREADING - ENGLAND |
| 650 | 0 | 4 | _aEDUCATION - ENGLAND HISTORY |
| 942 |
_2ddc _cBK |
||
| 999 |
_c10396 _d10396 |
||